Η κακιά ώρα : μαγεία, τελετουργίες και προλήψεις της ελληνικής υπαίθρου
Αποθηκεύτηκε σε:
| Κύριοι συγγραφείς: | , |
|---|---|
| Άλλοι συγγραφείς: | |
| Μορφή: | Βιβλίο |
| Γλώσσα: | Greek English |
| Δημοσίευση: |
Αθήνα :
Αρχέτυπο,
2005.
|
| Σειρά: | Άγνωστη ιστορία
|
| Θέματα: | |
| Ετικέτες: |
Προσθήκη ετικέτας
Δεν υπάρχουν, Καταχωρήστε ετικέτα πρώτοι!
|
MARC
| LEADER | 00000cam a2200000 i 4500 | ||
|---|---|---|---|
| 001 | 1/12470 | ||
| 008 | 110317s2005 gr | ||| |||| ||gre|| | ||
| 020 | |a 9604210718 | ||
| 035 | |l 10109801 | ||
| 040 | |a GR-MyUa |b gre |e AACR2 | ||
| 041 | 1 | |a gre |h eng | |
| 082 | 7 | |a 398.09495 |2 (22) | |
| 100 | 1 | |a Blum, Richard H. | |
| 245 | 1 | 2 | |a Η κακιά ώρα : |b μαγεία, τελετουργίες και προλήψεις της ελληνικής υπαίθρου / |c Richard [and] Eva Blum ; στην επιτόπιο εργασία βοήθησαν οι συνεργάτιδές μας Άννα Αμηρά και Σοφία Καλλιφατίδου ; μετάφραση Αργυρώ Πατσού-Βελούδου. |
| 260 | |a Αθήνα : |b Αρχέτυπο, |c 2005. | ||
| 300 | |a 543 σ. ; |c 24 εκ. | ||
| 490 | 1 | |a (Άγνωστη ιστορία) | |
| 500 | |a Τίτλος πρωτοτύπου: The dangerous hour : he lore of crisis and mystery in rural Greece. | ||
| 504 | |a Βιβλιογραφία: σ. 526-538. Ευρετήριο. | ||
| 650 | 0 | 0 | |a Folklore |z Greece. |
| 650 | 0 | 0 | |a Magic |z Greece. |
| 650 | 0 | 0 | |a Demonology |z Greece. |
| 651 | 0 | |a Greece |x Social life and customs. | |
| 700 | 1 | |a Blum, Eva Maria, |e aut | |
| 700 | 1 | |a Πατσού, Αργυρώ, |e trlf | |
| 830 | 0 | |a Άγνωστη ιστορία | |
| 852 | |a INST |b LESVOS |e 20110616 |h 398.09495 BLU |p 005100048892 |q 005100048892 |t BK |y 0 | ||
| 852 | |a INST |b LESVOS |e 20110317 |h 398.09495 BLU |p 005100049345 |q 005100049345 |t BK |y 0 | ||
| 852 | |a INST |b RHODES |e 20230801 |h 398.09495 BLU |p 005400043737 |q 005400043737 |t BK |y 0 | ||
| 852 | |a INST |b SAMOS |e 20110913 |h 398.09495 BLU |p 005300032516 |q 005300032516 |t BK |y 0 | ||
| 852 | |a INST |b SYROS |e 20231120 |h 398.09495 BLU |p 005500016306 |q 005500016306 |t BK |y 0 | ||
| 901 | |a BIBL3-2011-3 | ||
| 901 | |a BIBL1-2011-1 | ||
| 970 | |a ΤΖΑΦΕΡΗ |b ΕΥΑΓΓΕΛΙΑ |z 2011/03/17 | ||